|
|
|
|
| LEADER |
00000cas a22000004a 4500 |
| 001 |
vtls010298259 |
| 003 |
SK-MaSNL |
| 005 |
20260228162721.0 |
| 008 |
110809u19281930xr mr p 0 b0slo |
| 040 |
|
|
|a SNK
|b slo
|c SNK
|e AACR2
|
| 041 |
0 |
|
|a slo
|
| 044 |
|
|
|a xr
|c CZ
|
| 080 |
|
|
|a 82-93
|2 2001
|
| 245 |
0 |
0 |
|a Naša práca
|b vestník dorastu Československého Červeného kríža: vychádza mesačne ako príloha Lípy a Slniečka
|
| 260 |
|
|
|a Praha
|b Dorastový odbor Čs. červeného kríža
|c 1928-1930
|
| 300 |
|
|
|a 2 zv.
|c 27 cm
|
| 310 |
|
|
|a 1x mesačne
|
| 362 |
0 |
|
|a Roč. 1928/1929, č. 1 (1.9.1928)-roč. 1929/1930, č. 10 (1.5.1930)
|
| 655 |
|
7 |
|a časopisy pre deti
|2 SNKPH
|9 114921
|
| 772 |
0 |
|
|t Lípa
|
| 772 |
0 |
|
|t Slniečko
|
| 910 |
|
|
|a snk
|
| 999 |
|
|
|c 8248
|d 10178
|